Integrovaná bezpečnosť v spoločnosti Continental Matador Truck Tires

Salvato in:
Dettagli Bibliografici
Autore principale: Kardošová, Jana, 1985- (Autore)
Altri autori: Koncový, Miroslav, 1950- (xxx)
Natura: Manoscritto Libro
Lingua:slovacco
Pubblicazione: STU v Bratislave MTF UBEI, 2010
Soggetti:
Accesso online:VAIS
Tags: Aggiungi Tag
Nessun Tag, puoi essere il primo ad aggiungerne!!

MARC

LEADER 00000ntm a22000003a 4500
001 stu206304
005 20160719160308.5
008 100702s2010------------------------slo-d
040 |a STU  |b slo 
041 0 |a slo 
100 1 |a Kardošová, Jana,  |d 1985-  |4 aut  |X 24207  |7 A000024207 
242 0 0 |a Integrated safety in Continental Matador Truck Tires  |y eng 
245 1 |a Integrovaná bezpečnosť v spoločnosti Continental Matador Truck Tires 
260 |b STU v Bratislave MTF UBEI,  |c 2010 
650 7 |a medzinárodné normy  |2 stusub 
650 7 |a quality  |2 estusub 
650 7 |a integrovaná bezpečnosť  |2 stusub 
700 1 |a Koncový, Miroslav,  |d 1950-  |4 xxx  |X 73815  |7 A000073815 
856 4 |a info a plný text  |u http://is.stuba.sk/zp/portal_zp.pl?podrobnosti=75530  |3 VAIS 
996 |c M*DP-8929  |l MMSKP  |s P  |a 0  |w stu206304_0001